LEADER 02993nam0 22005893i 450 001 UBO0248498 005 20251003044418.0 010 $a8843003860 020 $aIT$b97-8443 100 $a19960401d1996 ||||0itac50 ba 101 | $aita$cita 102 $ait 181 1$6z01$ai $bxxxe 182 1$6z01$an 183 1$6z01$anc$2RDAcarrier 200 1 $aQuestione meridionale e unità nazionale$e1861-1995$fSalvatore Cafiero 210 $aRoma$cLa Nuova Italia Scientifica$dc1996 215 $a284 p.$d22 cm 225 | $aStudi superiori NIS$v268 410 0$1001CFI0012515$12001 $aStudi superiori NIS$v268 500 10$aQuestione meridionale e unità nazionale$3FRI0011588$9CFIV102470$967840 606 $aQuestione meridionale$2FIR$3CFIC031247$9E 606 $aQUESTIONE MERIDIONALE$xSAGGI$2FIR$3MILC087050$9I 676 $a945.09$9STORIA. ITALIA, 1900-$v21 676 $a945.7$9PENISOLA ITALIANA E ISOLE ADIACENTI. ITALIA MERIDIONALE.$v14 676 $a945.7$9STORIA DELL'ITALIA MERIDIONALE$v19 676 $a945.7$9STORIA DELL'ITALIA MERIDIONALE$v20 676 $a945.709$9Italia meridionale. 1900-.$v20 676 $a945.7091$9STORIA DELL'ITALIA MERIDIONALE, 1900-1946$v20 676 $a945.7091$9STORIA. ITALIA MERIDIONALE. 1900-1946$v21 686 $aIT/X430.1$cQUESTIONE MERIDIONALE ITALIA$2R 696 $aQuestione del Mezzogiorno 696 $aQuestione del Mezzogiorno 699 $aQuestione meridionale$yQuestione del Mezzogiorno 699 $aQuestione meridionale$yQuestione del Mezzogiorno 700 1$aCafiero$b, Salvatore$3CFIV102470$4070$030917 801 3$aIT$bIT-000000$c19960401 850 $aIT-BN0095 $aIT-SA0200 $aIT-SA0255 $aIT-AV0002 $aIT-NA0079 $aIT-NA0768 $aIT-NA0230 $aIT-NA0452 $aIT-NA0817 $aIT-NA0097 901 $bNAP SP$cSCIROCCO $nFondo Scirocco 901 $bNAP BN$cMAGAZZINO $nmagazzini correnti divisi per anni 901 $bNAP OS$cBIBLIOTECA$n$ 901 $bNAP 63$cMOD $n$ 901 $bNAP AI$cBIBLIOTECA$n$ 901 $bNAP IS$cISEM $nSezione di storia economica dell'ex Istituto di storia economica del Mezzogiorno 901 $bNAP 01$cPOZZO LIB.$nVi sono collocati fondi di economia, periodici di ingegneria e scienze, periodici di economia e statistica e altri fondi comprendenti documenti di economia pervenuti in dono. 901 $bNAP DU$cFONDO TOMA$nDonazione Toma 901 $bNAP 99$cVARIA $nComprende materiale librario di vario argomento e di varia provenienza 912 $aUBO0248498 950 0$aBiblioteca Centralizzata di Ateneo$c1 v.$d 01POZZO LIB.ECON MON 3861$e 0101 0000107985E VMA 1 v. (precedente collocazione GUERRAZZI B 1492)$fB $h20091210$i20091210 977 $a 01$a 63$a 99$a AI$a BN$a DU$a IR$a IS$a OS$a SP 996 $aQuestione meridionale e unità nazionale$967840 997 $aUNISANNIO